000 00587cam9a220019300 4500
001 lce00589011
008 740625s1966 alua 000 0 eng
010 _a 66028695
035 _a(Sirsi) r10286
035 _a(DLC) 66028695
035 _a(UPRA)lce00589011
050 0 _aPS3503.E233
_bT6
082 _a811.54
100 1 _aBeecher, John, 1904-
_dBeecher, John, 1904-
_6A63833.1
245 1 0 _aTo live and die in Dixie, & other poems.
260 _a[Birmingham, Ala.]
_bRed Mountain Editions,
_c1966.
949 _aPS3503.E233
_wlcc
_i-2024
_mMAIN
_tBOOK
_lON-SHELF
004 10286
999 _c138002
_d138002